000 00672nam a2200289Ia 4500
005 20260324141324.0
008 008 260324s9999 xx 000 0 eng d
020 _a9780203349656
037 _aEBOOK
040 _aCRL
040 _beng
040 _cCRL
041 _2eng
041 _aeng
084 _qCRL
100 _aDavid Bell; Gill Valentine
_91207765
245 0 _aConsuming Geographies
245 0 _bWe Are Where We Eat
260 _bTaylor and Francis
260 _c1997
365 _a
365 _b300
856 _uhttp://www.taylorfrancis.com/books/9780203349656
942 _cEBOOK
999 _c1810719
_d1810719